000
002890000a22001090004500
090
_a
AR
_b
04586
100
1
_a
Buckley, R.
_9
98702
245
1
0
_a
Marine-terrestrial transfer by Strandline-foraging ants
041
0
_a
Inglés
942
_c
ARTICULO
773
1
_t
Biotropica
_h
4
_q
314-315 p.
_d
1980
_g
12
999
_c
13686
_d
13686